Juego dramático: hadas, duendes y brujos
Gespeichert in:
| Hauptverfasser: | , , |
|---|---|
| Format: | Buch |
| Sprache: | Spanisch |
| Veröffentlicht: |
Buenos Aires
Unicef
2010
Buenos Aires Organización de Estados Iberoamericanos para la Educación 2010 |
| Ausgabe: | 1a. ed |
| Schriftenreihe: | El Juego en el Nivel Inicial. Propuestas de Enseñanza, 3
|
| Schlagworte: | |
| Tags: |
Tag hinzufügen
Keine Tags, Fügen Sie den ersten Tag hinzu!
|
MARC
| LEADER | 00000cam a2200000 a 4500 | ||
|---|---|---|---|
| 001 | UCD6174 | ||
| 003 | CL-VaPUC | ||
| 008 | 161118e20100000ag |||||||||||||||||spa|d | ||
| 020 | |a 9789872613426 | ||
| 082 | 0 | 4 | |a 371.337 |b SAR |2 21 |
| 100 | 0 | |a Sarlé, Patricia |e author |9 589883 | |
| 700 | 0 | |a Rodríguez Sáenz, Inés |e author |9 589884 | |
| 700 | 0 | |a Rodríguez, Elvira |e author |9 589885 | |
| 245 | 1 | 0 | |a Juego dramático: hadas, duendes y brujos |
| 250 | |a 1a. ed | ||
| 300 | |a 59 p | ||
| 942 | |c BK | ||
| 945 | |d 20161118 09:36:00 |a arojas | ||
| 260 | |a Buenos Aires |b Unicef |c 2010 | ||
| 260 | |a Buenos Aires |b Organización de Estados Iberoamericanos para la Educación |c 2010 | ||
| 650 | 0 | |a Juegos infantiles |9 307365 | |
| 650 | 0 | |a Juegos educativos |9 307366 | |
| 650 | 7 | |a JUEGOS DE SIMULACION |2 CL-VaPUC |9 589886 | |
| 650 | 0 | |a Educación preescolar |9 260381 | |
| 583 | |a last modification |c 20161118 09:36:00 |k Rodrigo Vera | ||
| 490 | 0 | |a El Juego en el Nivel Inicial. Propuestas de Enseñanza, 3 | |
| 999 | |c 366546 |d 366544 | ||
| 952 | |0 0 |1 0 |3 erb |4 0 |6 371_337000000000000_SAR_2010_2010 |7 0 |8 A |9 480832 |a BIBEDU |b BIBEDU |i 5349729 |o 371.337 SAR 2010 2010 |p 5349729 |r 2019-11-24 |w 2019-11-24 |y BK |z Catalogado en:20161118 |k EPE | ||